01172nam a22003137a 4500001000700000003000900007005001700016007000700033008004100040016001000081020001500091040002200106041000800128080001900136100003100155240004100186245012600227260004800353300002100401490005500422700002700477830005500504942001200559945002800571952009900599952010600698956003900804999001500843389281DO-SdBNP20180125100838.0389281931220s1993 sp | |||| ||spa 7 2BPMSU a848130011X aBPMSUbspacBPMSU1 aspa 0a820(73)-32"19"1 aKosinski, Jerzyd1933-199113aThe hermit of 69th streetlEspañol13aEl ermitaño de la calle 69 : blos papeles de trabajo de Norbert Kosky /cJerzy Kosinski ; traducción, Domingo Santos aBarcelona : bEdicones Primera Plana c1993 a95 p.: c21 cm,  aGrandes autores Biblioteca de literatura universal1 aSantos, Domingod1941- pGrandes autores Biblioteca de literatura universal 2ddccBK ainventariado, 2018 / dg 00102ddc4070aBPMETbBPMETd2015-11-18eFUNDIl0pBPMSU15110360r2015-11-18w2015-11-18yBK 00102ddc4070aBPMETbBPMETd2015-11-18eFUNDIl0pBPMSU15110361r2015-11-18tej. 2w2015-11-18yBK 2VMATEO3106201511188BPMSUa00151 c8790d8790